| 000 | 01335 a2200253 4500 | ||
|---|---|---|---|
| 001 | 3446 | ||
| 005 | 20260407155429.0 | ||
| 008 | 260407a2006 arg spa d | ||
| 003 | AR-UNSa-BCEJYS | ||
| 040 |
_aAR-UNSa-BCEJYS _bspa _cAR-UNSa-BCEJYS |
||
| 080 |
_a330.35 _xCrecimiento económico |
||
| 245 | 1 | 0 | _aCrecimiento económico |
| 020 | _a978-84-7829-079-6 | ||
| 264 | 1 |
_aMadrid : _bPearson Educación _c2006 |
|
| 300 |
_axxv, 571 p. _c24 cm. |
||
| 505 | _a1. Los hechos - 2. Un marco analítico - 3. El capital físico - 4. La población y el crecimiento económico - 5. Tendencias futuras de la población - 6. El capital humano - 7. Medición de la productividad - 8. El papel de la tecnología en el crecimiento - 9. La vanguardia de la tecnología - 10. La eficiencia - 11. El crecimiento en la economía abierta - 12. El Estado - 13. La desigualdad de la renta - 14. La cultura - 15. La geografía, el clima y los recursos naturales - 16. Los recursos y el medio ambiente mundiales - 17. Qué hemos aprendido y qué nos depara el futuro | ||
| 041 | _aspa | ||
| 942 | _cBK | ||
| 590 | _aniveau_biblio:m niveau_hierar:0 | ||
| 100 | 1 | _aWeil, David N. | |
| 700 | 1 | _aRabasco Espáriz, Esther | |
| 700 | 1 | _aToharia, Luis | |
| 856 | 4 | 1 |
_uhttps://biblioeco.unsa.edu.ar/pmb/images/libros/L128446.jpg _yImagen de portada _qimage/jpeg |
| 999 |
_c333 _d333 |
||